[Event "AUTO-ADV-1643"]
[Site "http://www.queenalice.com/game.php?id=727404"]
[Date "2010.2.7"]
[Round "1"]
[White "Toru"]
[Black "ABL"]
[Result "1-0"]
[WhiteElo "1909"]
[BlackElo "1625"]

1. d4 c5 2. d5 Nf6 3. c4 Ne4 4. f3 Qa5+ 5. Bd2 Nxd2 6. Qxd2 Qb6 7. e4 e6 8. Bd3
Be7 9. Ne2 e5 10. Nbc3 O-O 11. O-O Qg6 12. f4 d6 13. fxe5 dxe5 14. Nb5 Bh3 15.
Ng3 Na6 16. gxh3 h5 17. Kh1 1-0

[Event "AUTO-ADV-1643"]
[Site "http://www.queenalice.com/game.php?id=727405"]
[Date "2010.2.7"]
[Round "1"]
[White "ABL"]
[Black "Toru"]
[Result "0-1"]
[WhiteElo "1630"]
[BlackElo "1904"]

1. b4 d5 2. Bb2 e6 3. Nf3 Nf6 4. b5 c6 5. a4 Bd6 6. e3 a6 7. Be2 axb5 8. axb5
Rxa1 9. Bxa1 O-O 10. O-O Re8 11. c4 e5 12. Qb3 Bg4 13. h3 Bh5 14. g4 Bg6 15. c5
Bxc5 16. Nxe5 Bxb1 0-1

[Event "AUTO-ADV-1643"]
[Site "http://www.queenalice.com/game.php?id=727418"]
[Date "2010.2.7"]
[Round "1"]
[White "miltonloviski"]
[Black "ABL"]
[Result "1-0"]
[WhiteElo "1900"]
[BlackElo "1636"]

1. e4 e5 2. Bc4 c6 3. Qf3 Nf6 4. g4 h6 5. Ne2 a6 6. d4 d5 7. exd5 Bxg4 8. Qe3
cxd5 9. Qxe5+ Qe7 10. Qxe7+ Bxe7 11. Bd3 O-O 12. Rg1 Kh8 13. Nbc3 Nc6 14. Be3
Nb4 15. a3 Nxc2+ 16. Bxc2 1-0

[Event "AUTO-ADV-1643"]
[Site "http://www.queenalice.com/game.php?id=727419"]
[Date "2010.2.7"]
[Round "1"]
[White "ABL"]
[Black "miltonloviski"]
[Result "0-1"]
[WhiteElo "1446"]
[BlackElo "1928"]

1. b4 e6 2. b5 Qf6 3. Nc3 Bb4 4. Bb2 Bxc3 5. Bxc3 e5 6. e4 Ne7 7. Nf3 d6 8. d4
Ng6 9. Qd3 Nd7 10. dxe5 dxe5 11. g3 Nc5 12. Qe3 b6 13. Bg2 Bg4 14. Nxe5 Nxe5 15.
O-O Qe6 16. Qg5 f6 17. Qxg7 O-O-O 0-1

[Event "AUTO-ADV-1643"]
[Site "http://www.queenalice.com/game.php?id=727428"]
[Date "2010.2.7"]
[Round "1"]
[White "ABL"]
[Black "allgambits"]
[Result "0-1"]
[WhiteElo "1604"]
[BlackElo "1805"]

1. b4 e5 2. Bb2 d6 3. e3 Nf6 4. d4 exd4 5. Bxd4 Nc6 6. Bc3 Bf5 7. b5 Ne5 8. Nf3
Nxf3+ 9. Qxf3 Bxc2 10. b6 axb6 11. Bb5+ c6 12. Bxc6+ bxc6 13. Bxf6 gxf6 14.
Qxc6+ Ke7 15. Qxc2 Bh6 16. Nc3 Re8 17. Qxh7 Rh8 0-1

[Event "AUTO-ADV-1643"]
[Site "http://www.queenalice.com/game.php?id=727429"]
[Date "2010.2.7"]
[Round "1"]
[White "allgambits"]
[Black "ABL"]
[Result "1-0"]
[WhiteElo "1813"]
[BlackElo "1579"]

1. d4 c5 2. Nf3 Nf6 3. Nc3 cxd4 4. Qxd4 Nc6 5. Qc4 d5 6. Qa4 Bd7 7. Qb3 Qc7 8.
Nxd5 Nxd5 9. Qxd5 O-O-O 10. Qxf7 Bg4 11. Bf4 Qd7 12. Qc4 Bxf3 13. exf3 e5 14.
Be3 Kb8 15. Bd3 Nb4 16. O-O-O Qa4 17. Kb1 1-0

[Event "AUTO-OPEN-1870"]
[Site "http://www.queenalice.com/game.php?id=727655"]
[Date "2010.2.7"]
[Round "1"]
[White "ABL"]
[Black "RN"]
[Result "0-1"]
[WhiteElo "1568"]
[BlackElo "1678"]

1. f4 d5 2. Nf3 Qd6 3. g3 e5 4. fxe5 Qc6 5. a4 d4 6. e3 Bg4 7. Bb5 Qxb5 8. axb5
c6 9. h3 Bxf3 10. Qxf3 dxe3 11. dxe3 f6 12. O-O Bc5 13. e6 Ne7 14. Ra5 Bb6 15.
bxc6 Nbxc6 16. Ra4 O-O 17. Rh4 f5 18. Qh5 h6 19. g4 g5 20. Qxh6 gxh4 21. gxf5
Nxf5 22. Rxf5 Rxf5 23. Qg6+ Kh8 24. Qxf5 Rd8 25. Qh5+ Kg7 26. b3 Rg8 0-1

[Event "AUTO-OPEN-1870"]
[Site "http://www.queenalice.com/game.php?id=727656"]
[Date "2010.2.7"]
[Round "1"]
[White "RN"]
[Black "ABL"]
[Result "1-0"]
[WhiteElo "1690"]
[BlackElo "1556"]

1. e4 e6 2. d4 d5 3. exd5 exd5 4. c4 c5 5. cxd5 Qxd5 6. dxc5 Qxd1+ 7. Kxd1 Bxc5
8. Be3 Bxe3 9. fxe3 Nf6 10. Bb5+ Bd7 11. Bxd7+ Nbxd7 12. Nc3 O-O-O 13. Nf3 Ne5+
14. Ke2 Rhe8 15. Nxe5 Rxe5 16. Rhf1 Rde8 17. Rf3 R8e7 18. Rc1 Kb8 19. Rd1 Ng4
20. Nd5 Nxh2 21. Nxe7 Nxf3 22. gxf3 Rxe7 23. Rd8+ Kc7 24. Rh8 h6 25. Rh7 f6 26.
f4 1-0

[Event "AUTO-OPEN-1870"]
[Site "http://www.queenalice.com/game.php?id=727657"]
[Date "2010.2.7"]
[Round "1"]
[White "ABL"]
[Black "matadordeporcos"]
[Result "0-1"]
[WhiteElo "1701"]
[BlackElo "1500"]

1. f4 d5 2. Nf3 Nf6 3. g3 e6 4. Bg2 c5 5. b3 Nc6 6. Bb2 Bd6 7. d3 O-O 8. O-O Re8
9. Ne5 Bxe5 10. fxe5 Ng4 11. Rf4 Ngxe5 12. d4 Ng6 13. Rf2 cxd4 14. Bxd4 Nxd4 15.
Qxd4 Qc7 16. e4 dxe4 17. Bxe4 Rd8 18. Qe3 Qe5 19. c3 f5 20. Nd2 fxe4 21. Nxe4
Bd7 22. Re1 Rac8 23. c4 b6 24. Rfe2 Re8 25. Qd3 Rcd8 26. Nd6 Qc5+ 27. Re3 Bc6
0-1

[Event "AUTO-ADV-1645"]
[Site "http://www.queenalice.com/game.php?id=727900"]
[Date "2010.2.8"]
[Round "1"]
[White "tewald"]
[Black "ABL"]
[Result "0-1"]
[WhiteElo "1817"]
[BlackElo "1572"]

1. e4 d5 2. Nc3 d4 3. Nce2 e5 4. d3 f5 5. exf5 Bxf5 6. f4 Nc6 7. Nf3 e4 8. dxe4
Bxe4 9. Nfxd4 Nxd4 10. Qxd4 Qh4+ 11. g3 Qe7 12. Rg1 Nf6 13. Qc3 O-O-O 14. Bd2
Qf7 15. Nd4 Nd5 16. Qa5 Nb6 17. O-O-O Rxd4 18. Bb5 c6 19. Be2 Ra4 20. Qc5 Bxc5
0-1

[Event "AUTO-ADV-1645"]
[Site "http://www.queenalice.com/game.php?id=727901"]
[Date "2010.2.8"]
[Round "1"]
[White "ABL"]
[Black "tewald"]
[Result "0-1"]
[WhiteElo "1586"]
[BlackElo "1819"]

1. b4 e5 2. Bb2 d6 3. e3 Nf6 4. g3 Be7 5. Bg2 c6 6. Ne2 O-O 7. O-O Nbd7 8. d4 e4
9. Nd2 d5 10. a3 b6 11. c4 h6 12. f3 exf3 13. Bxf3 Re8 14. Nf4 Nf8 15. Qb3 dxc4
16. Nxc4 Bd7 17. Ne5 Qc7 18. Qxf7+ Kh8 19. Nfg6+ Nxg6 20. Nxg6+ Kh7 21. Nxe7 Bh3
22. Qg6+ Kh8 23. Bxc6 Qxe7 24. Bxe8 Rxe8 25. Rfe1 Qb7 26. Re2 Rxe3 0-1

[Event "AUTO-ADV-1645"]
[Site "http://www.queenalice.com/game.php?id=727916"]
[Date "2010.2.8"]
[Round "1"]
[White "MarTraM"]
[Black "ABL"]
[Result "1-0"]
[WhiteElo "1949"]
[BlackElo "1608"]

1. d4 c5 2. d5 Nf6 3. c4 Ne4 4. e3 g6 5. Bd3 Qa5+ 6. Bd2 Nxd2 7. Qxd2 Qxd2+ 8.
Nxd2 Bg7 9. Rb1 d6 10. Ngf3 Na6 11. a3 Nc7 12. b4 b6 13. O-O O-O 14. e4 e6 15.
h3 1-0

[Event "AUTO-ADV-1645"]
[Site "http://www.queenalice.com/game.php?id=727917"]
[Date "2010.2.8"]
[Round "1"]
[White "ABL"]
[Black "MarTraM"]
[Result "0-1"]
[WhiteElo "1606"]
[BlackElo "1951"]

1. b4 e5 2. Bb2 f6 3. b5 a6 4. a4 axb5 5. axb5 Rxa1 6. Bxa1 Bc5 7. e3 Ne7 8. d4
exd4 9. Qh5+ Ng6 10. Qxc5 dxe3 11. fxe3 b6 12. Qh5 O-O 13. Bd3 Qe8 14. Bd4 d6
15. Ne2 Bb7 0-1

[Event "AUTO-ADV-1645"]
[Site "http://www.queenalice.com/game.php?id=727926"]
[Date "2010.2.8"]
[Round "1"]
[White "math"]
[Black "ABL"]
[Result "1-0"]
[WhiteElo "1933"]
[BlackElo "1545"]

1. c4 c5 2. g3 g6 3. Bg2 Bg7 4. e3 e6 5. Ne2 Ne7 6. O-O O-O 7. Nbc3 Nbc6 8. Rb1
b6 9. a3 Rb8 10. b4 cxb4 11. axb4 Bb7 12. Ba3 Nf5 13. b5 Nce7 14. Bxb7 Rxb7 15.
Ne4 1-0

[Event "AUTO-ADV-1645"]
[Site "http://www.queenalice.com/game.php?id=727927"]
[Date "2010.2.8"]
[Round "1"]
[White "ABL"]
[Black "math"]
[Result "0-1"]
[WhiteElo "1543"]
[BlackElo "1935"]

1. b4 Nf6 2. Bb2 e6 3. b5 b6 4. Nf3 Bb7 5. e3 Be7 6. Be2 O-O 7. O-O d5 8. a4 c5
9. c4 dxc4 10. Bxc4 Bd5 11. Na3 Qc7 12. Be5 Qb7 13. Bxd5 Qxd5 14. Qc2 Nbd7 15.
Bxf6 Bxf6 0-1

[Event "AUTO-OPEN-1871"]
[Site "http://www.queenalice.com/game.php?id=727986"]
[Date "2010.2.8"]
[Round "1"]
[White "matadordebambis"]
[Black "ABL"]
[Result "1-0"]
[WhiteElo "2130"]
[BlackElo "1541"]

1. d4 Nf6 2. Nf3 d5 3. e3 g6 4. c4 Bg7 5. Nc3 c6 6. Bd3 a6 7. a4 O-O 8. O-O Bg4
9. h3 Be6 10. Ng5 Qc8 11. c5 h6 12. Nf3 Bxh3 13. gxh3 Qxh3 14. Nh2 h5 15. Qf3
Qh4 16. Qg3 1-0

[Event "AUTO-OPEN-1871"]
[Site "http://www.queenalice.com/game.php?id=728008"]
[Date "2010.2.8"]
[Round "1"]
[White "boydelta"]
[Black "ABL"]
[Result "1-0"]
[WhiteElo "2244"]
[BlackElo "1596"]

1. d4 Nf6 2. c4 g6 3. Nc3 d5 4. Bf4 Bg7 5. e3 c5 6. dxc5 Qa5 7. Qa4+ Qxa4 8.
Nxa4 O-O 9. Bxb8 Rxb8 10. cxd5 Ne4 11. f3 Bd7 12. c6 bxc6 13. fxe4 cxd5 14. Nc5
Bc6 15. exd5 Bxd5 16. Nd3 e5 17. a3 a5 18. Rb1 e4 19. Nf4 Bc6 20. b3 1-0

[Event "AUTO-OPEN-1871"]
[Site "http://www.queenalice.com/game.php?id=728009"]
[Date "2010.2.8"]
[Round "1"]
[White "ABL"]
[Black "boydelta"]
[Result "0-1"]
[WhiteElo "1594"]
[BlackElo "2245"]

1. b4 e5 2. Bb2 f6 3. b5 a6 4. a4 d5 5. e3 axb5 6. axb5 Rxa1 7. Bxa1 Nh6 8. c4
d4 9. exd4 exd4 10. Bd3 Bg4 11. Qa4 b6 12. Qa8 Kf7 13. h3 Be6 14. Nf3 Bc5 15.
O-O Re8 16. Re1 g6 17. Qb7 Qd6 18. Be4 Bxc4 19. d3 Bxb5 20. Bxd4 Bc6 21. Bxc5
Bxb7 22. Bxd6 Bxe4 0-1

[Event "AUTO-OPEN-1871"]
[Site "http://www.queenalice.com/game.php?id=728020"]
[Date "2010.2.8"]
[Round "1"]
[White "Jackson_Ribeiro"]
[Black "ABL"]
[Result "1-0"]
[WhiteElo "1416"]
[BlackElo "1539"]

1. d4 d5 2. c4 c6 3. c5 Qc7 4. g3 e5 5. b4 a5 6. Qd2 Nd7 7. Bb2 exd4 8. Qxd4
axb4 9. Qe3+ Ne7 10. Nf3 Qa5 11. Nbd2 Nxc5 12. Nb3 Nxb3 13. axb3 Qxa1+ 14. Bxa1
Rxa1+ 15. Kd2 Bf5 16. Qe5 1-0

[Event "AUTO-OPEN-1871"]
[Site "http://www.queenalice.com/game.php?id=728021"]
[Date "2010.2.8"]
[Round "1"]
[White "ABL"]
[Black "Jackson_Ribeiro"]
[Result "0-1"]
[WhiteElo "1539"]
[BlackElo "1311"]

1. b4 e6 2. Bb2 Nf6 3. b5 d5 4. Nf3 Bd7 5. e3 c6 6. a4 Be7 7. Be2 O-O 8. O-O Qc7
9. Ba3 Bxa3 10. Nxa3 e5 11. d4 e4 12. Ne5 Be6 13. c4 Nbd7 14. Nxd7 Bxd7 15. f3
b6 0-1